Science Quiz

Random Science or Minefield Quiz

Super Science Bunker II Quiz Stats

 Plays Quiz Updated Mar 27, 2015

Challenge
Share
Tweet
Embed
Score 0/15 Timer 05:00
1 Play Today
Question Answer % Correct
????
100%
????
95.2%
????
88.2%
????
74.4%
????
53.9%
????
47%
????
45.2%
????
43.4%
Question Answer % Correct
????
38.5%
????
29.1%
????
24%
????
18.2%
????
12.5%
????
9.2%
????
7.3%

You're not logged in!

Compare scores with friends on all Sporcle quizzes.
OR
Log In

You Might Also Like...

Show Comments

Extras

Top Quizzes Today


Score Distribution

Your Account Isn't Verified!

In order to create a playlist on Sporcle, you need to verify the email address you used during registration. Go to your Sporcle Settings to finish the process.

Report this User

Report this user for behavior that violates our Community Guidelines.

Details: